Towards rational use of ethephon in Hevea (Record no. 71417)

MARC details
000 -LEADER
fixed length control field 00478nam a2200181Ia 4500
100 ## - MAIN ENTRY--AUTHOR NAME
Personal name Pee T Y
245 #0 - TITLE STATEMENT
Title Towards rational use of ethephon in Hevea
260 ## - PUBLICATION, DISTRIBUTION, ETC. (IMPRINT)
Name of publisher Journal of the Rubber Research Institute of Sri Lanka : Conference Proceedings
Year of publication 1977
300 ## - PHYSICAL DESCRIPTION
Number of Pages 173-186
650 ## - SUBJECT ADDED ENTRY--TOPICAL TERM
Topical Term Ethephon
650 ## - SUBJECT ADDED ENTRY--TOPICAL TERM
Topical Term Hevea
700 ## - ADDED ENTRY--PERSONAL NAME
Personal name Koh M H
700 ## - ADDED ENTRY--PERSONAL NAME
Personal name Lai M H
700 ## - ADDED ENTRY--PERSONAL NAME
Personal name Png T C
700 ## - ADDED ENTRY--PERSONAL NAME
Personal name Yong H W
942 ## - ADDED ENTRY ELEMENTS (KOHA)
Koha item type Journals
Holdings
Withdrawn status Lost status Damaged status Not for loan Home library Current library Shelving location Date acquired Serial Enumeration / chronology Koha item type
      Journals RRII Library RRII Library Physiology 17/12/2021 Volume 54, Issue 1 Journals